=LDR 00000nam 2200000 4500 =001 NUTBA000000000005943 =005 20141114083433.0 =006 =007 =008 =020 ##$$a 979-010-443-X =035 ##$$0010-111400000000422 =040 ##$$a NBPDMAT =082 ##$$a 028.5 =090 ##$$a 028.5 $b Rum r =245 ##$$a Rumah baru buat omang / $c Penerjemah , Sari Kemala ; editor , Imran Laha =250 ##$$a Cet.2 =260 ##$$a Jakarta : $b Bumi Aksara Group , $c 2009 =300 ##$$a 27 hlm. : $b ilus. ; $c 20 cm. =650 ##$$a Bacaan Kanak - kanak =700 ##$$a Sari Kemala , Imran Laha =850 ##$$a NBPDMAT =990 ##$$a 21602492/BPAP-NTB/2017